Alle Nachbarländer zu Land #8 - Statistiken

Allgemein
  • Dieses Quiz wurde 43 mal gespielt
  • Das Durchschnittsergebnis liegt bei 20 aus 24
Antwortstatistiken
Länge Antwort % Korrekt
1.599km Iran
100%
1.747km DR Kongo
94%
487km Republik Kongo
94%
1.115km Ägypten
89%
342km Niger
89%
989km Algerien
86%
1.106km Lesotho
86%
1.005km Namibia
86%
811km Saudi-Arabien
86%
174km Sudan
86%
382km Sudan
86%
1.556km Tschad
86%
1.050km Tschad
86%
461km Tunesien
86%
1.969km Botswana
83%
438km Eswatini
83%
230km Simbabwe
83%
599km Syrien
83%
496km Mosambik
81%
179km Jordanien
78%
1.055km Südsudan
75%
367km Türkei
75%
254km Kuwait
72%
901km Kamerun
69%
Keine übereinstimmenden Quizze gefunden
Verteilung der Resultate
Anzahl Personen mit jedem Resultat
Perzentil nach korrekt beantworteten Fragen
Ihre Resultats-Entwicklung
Sie haben dieses Quiz noch nicht gespielt